Statistiques concernant La Génération Terrible ( One Piece )

Cliquez ici pour prendre le quiz!

Statistiques générales

  • Ce quiz a été pris 59 fois
  • Le résultat moyen est 11 sur 12

Statistiques - réponses

Réponse% Correct
Kid
100%
Law
100%
Luffy
100%
Teach
100%
Zoro
100%
Drake
89%
Killer
88%
Bonney
84%
Urouge
84%
Hawkins
80%
Apoo
75%
Capone
73%

Distribution des résultats

Percentile par nombre de réponses

% des personnes avec chaque résultat

Votre développement - résultats

Vous n’avez pas pris ce quiz